| 000 | 00359nam a22001457a 4500 | ||
|---|---|---|---|
| 008 | 210310b ||||| |||| 00| 0 eng d | ||
| 020 | _a9780132146258 | ||
| 041 | _aeng | ||
| 080 |
_212th _a004 |
||
| 082 | _a004 | ||
| 100 | _a28 | ||
| 101 | _aSHKI | ||
| 245 |
_aDatabase Processing Fundamentals, Design and Implementation _cKroenke, D. M |
||
| 942 |
_2udc _cBK |
||
| 999 |
_c56138 _d56138 |
||